000 00274 a2200109 4500
999 _c243418
_d243418
001 8345
003 NUST
005 20180118190626.0
008 180118b xxu||||| |||| 00| 0 eng d
082 _a954.923 BOL
100 _aBolitho,H
_98980
245 _aJinnah : Creator of Pakistan (664-B actioned)
_hEnglish
260 _bMurray
_a1954
942 _aNUST-CAE
_cBK
_cBK
_k954.923 BOL
_2ddc